Rugby: stade du top 14 (2022-2023) - Statistiques

Statistiques générales
  • Ce quiz a été pris 248 fois
  • Le résultat moyen est 10 sur 14
Statistiques - réponses
equipe stade % Correct
Stade Toulousain Ernest Wallon
95%
RC Toulon Felix Mayol
84%
Stade Francais Jean Bouin
83%
Bordeaux -Bègles Chaban Delmas
82%
Clermont Marcel Michelin
81%
Racing 92 Paris la Defense Arena
81%
Bayonne Jean Dauger
80%
Stade Rochelais Marcel Deflandre
73%
Pau Stade du Hameau
66%
Castres Pierre Fabre
63%
Lyon Matmut Stadium de Gerland
61%
Perpignan Aimé Giral
56%
Montpellier GGL Stadium
55%
Brive Amédée Domenech
40%
Aucun quiz correspondant
Distribution des résultats
% des personnes avec chaque résultat
Percentile par nombre de réponses
Votre historique - résultats
Vous n’avez pas pris ce quiz